Extrakcia dát pomocou skrytých kanálov
Saved in:
| Main Author: | |
|---|---|
| Other Authors: | |
| Format: | Manuscript Book |
| Language: | Slovak English |
| Published: |
2021
|
| Subjects: | |
| Online Access: | http://is.stuba.sk/zp/portal_zp.pl?podrobnosti=148783 |
| Tags: |
No Tags, Be the first to tag this record!
|
MARC
| LEADER | 00000ntm a22000003a 4500 | ||
|---|---|---|---|
| 001 | stuzp85416 | ||
| 003 | SK-STU | ||
| 005 | 20210626212041.9 | ||
| 007 | ta | ||
| 008 | 150427s2015----xo-----f-mn---000-0-slo-d | ||
| 040 | |a STU |b slo | ||
| 041 | 0 | |a eng | |
| 100 | 1 | |a Drobný, Dávid |u 070400 |4 aut |U FIIT Fakulta informatiky a informačných technológií |T FIIT Ústav počítačového inžinierstva a aplikovanej informatiky |X 97259 |U I400 |Y 672 |7 97259 | |
| 242 | 0 | 1 | |a Extrakcia dát pomocou skrytých kanálov |y slo |
| 245 | 1 | 0 | |a Extrakcia dát pomocou skrytých kanálov |
| 260 | |c 2021 | ||
| 650 | 4 | |a skrytý kanál |2 slo | |
| 650 | 4 | |a steganografia |2 slo | |
| 650 | 4 | |a skrývanie dát |2 slo | |
| 650 | 4 | |a data hiding |2 eng | |
| 650 | 4 | |a covert channel |2 eng | |
| 650 | 4 | |a steganography |2 eng | |
| 700 | 1 | |a Helebrandt, Pavol |u 070400 |k Z1 |4 ths |U FIIT Fakulta informatiky a informačných technológií |T FIIT Ústav počítačového inžinierstva a aplikovanej informatiky |X 35267 |U I400 |Y 672 |7 35267 | |
| 856 | 4 | |u http://is.stuba.sk/zp/portal_zp.pl?podrobnosti=148783 | |